Unser Hindenburg; (Record no. 6946)

MARC details
000 -LEADER
fixed length control field 00644cam a22001931 4500
001 - CONTROL NUMBER
control field af 50000084
003 - CONTROL NUMBER IDENTIFIER
control field DLC
005 - DATE AND TIME OF LATEST TRANSACTION
control field 20260227110919.0
008 - FIXED-LENGTH DATA ELEMENTS--GENERAL INFORMATION
fixed length control field 790130s1934 xx 000 0 ger c
010 ## - LIBRARY OF CONGRESS CONTROL NUMBER
LC control number af 50000084
035 ## - SYSTEM CONTROL NUMBER
System control number (OCoLC)4601824
040 ## - CATALOGING SOURCE
Original cataloging agency Harvard Univ. Library
Transcribing agency OCl
Modifying agency DLC
050 00 - LIBRARY OF CONGRESS CALL NUMBER
Classification number DD231.H5
Item number B6
100 1# - MAIN ENTRY--PERSONAL NAME
Personal name Böttiger,Theodor.
245 00 - TITLE STATEMENT
Title Unser Hindenburg;
Remainder of title der grosse Soldat und Reichspräsident im Bilde.
Statement of responsibility, etc. Mit einer Würdigung der Persönlichkeit Hindenburgs.
260 ## - PUBLICATION, DISTRIBUTION, ETC.
Place of publication, distribution, etc. Berlin,
Name of publisher, distributor, etc. Junge Generation
Date of publication, distribution, etc. [1934]
300 ## - PHYSICAL DESCRIPTION
Extent [70] p. (chiefly illus., ports.)
Dimensions 22 cm.
600 10 - SUBJECT ADDED ENTRY--PERSONAL NAME
Personal name Hindenburg, Paul von,
Dates associated with a name 1847-1934.

No items available.

Powered by Koha